| 000 | 00660nam a2200253Ia 4500 | ||
|---|---|---|---|
| 003 | OSt | ||
| 005 | 20221005131910.0 | ||
| 006 | a|||||r|||| 00| 0 | ||
| 007 | ta | ||
| 008 | 221004b |||||||| |||| 00| 0 urd d | ||
| 024 | _a65338 | ||
| 037 | _cTextual | ||
| 040 |
_aCRL _cCRL _burd |
||
| 041 |
_2urd _aurd |
||
| 082 | _aL9F:4:6, 168G7 | ||
| 100 | _aKhan Mohammad Ajmal Au. | ||
| 245 | 0 | _aTaleem al-qabilah mausam ba mualjat maraz-e-niswan | |
| 260 | _c1937 | ||
| 650 |
_a NUTRITION _9423166 |
||
| 650 | _a WOMEN | ||
| 650 | _aDISEASES | ||
| 942 |
_hL9F:4:6, 168G7 _cTEXL _2cc |
||
| 999 |
_c1061774 _d1061774 |
||